000 01401cam a22003135a 4500
001 L157938
008 130731s2013 xxk f 000 0 eng d
020 _a9781783210008
035 _a(Sirsi) u157938
041 0 _aeng
110 2 _aRoyal Institution of Chartered Surveyors
_94900
245 0 0 _aConstruction security and performance documents
260 _aCoventry
_bRICS
_c2013
490 0 _aRICS Guidance Note
490 0 _aRICS Black Book
520 _aReviews security and performance documents normally associated with a construction project. In general terms, these are documents required as security for performance of one sort or another (whether payment, design, management or construction) in a project. In complex projects, there may be many different types of security and performance documents required by several parties.
521 _aAdvanced
590 _aKA
650 2 4 _aPAYMENT PROVISIONS
650 2 4 _aPARENT COMPANY GUARANTEES
650 2 4 _aDIRECT AGREEMENTS
650 2 4 _aTHIRD PARTY RIGHTS
650 2 4 _aRICS BLACK BOOK
650 2 4 _aRICS QS AND CONSTRUCTION STANDARDS
651 4 _aENGLAND AND WALES
690 _aProject management
_96261
856 4 0 _uhttps://www.rics.org/uk/upholding-professional-standards/sector-standards/construction/black-book/construction-security-and-performance-documents/
_zAvailable free on RICS.org
942 _n0
_2ddc
999 _c115039
_d115039